Dirty angels / directed by Martin Campbell ; produced by Moshe Diamant, Yariv Lerner, Robert Van Norden ; written by Alissa Sullivan Haggis, Jonas McCord, Martin Campbell. (Record no. 20716)

000 -LEADER
fixed length control field 01065nam a22002777a 4500
008 - FIXED-LENGTH DATA ELEMENTS--GENERAL INFORMATION
fixed length control field 250524b xxu||||| |||| 00| 0 eng d
082 ## - DEWEY DECIMAL CLASSIFICATION NUMBER
Classification number 791.4372
245 ## - TITLE STATEMENT
Title Dirty angels / directed by Martin Campbell ; produced by Moshe Diamant, Yariv Lerner, Robert Van Norden ; written by Alissa Sullivan Haggis, Jonas McCord, Martin Campbell.
260 ## - PUBLICATION, DISTRIBUTION, ETC. (IMPRINT)
Place of publication, distribution, etc United States :
Name of publisher, distributor, etc Lionsgate,
Date of publication, distribution, etc 2024.
300 ## - PHYSICAL DESCRIPTION
Extent 1 video file, (ca. 104 mins.).
520 ## - SUMMARY, ETC.
Summary, etc It centers on a group of female soldiers who disguise themselves as medics to rescue a group of teenagers caught between ISIS and the forces of the Taliban.
546 ## - LANGUAGE NOTE
Language note In English subtitle.
650 ## - SUBJECT ADDED ENTRY--TOPICAL TERM
Topical term or geographic name as entry element Action.
650 ## - SUBJECT ADDED ENTRY--TOPICAL TERM
Topical term or geographic name as entry element Drama.
650 ## - SUBJECT ADDED ENTRY--TOPICAL TERM
Topical term or geographic name as entry element Thriller.
650 ## - SUBJECT ADDED ENTRY--TOPICAL TERM
Topical term or geographic name as entry element War.
700 ## - ADDED ENTRY--PERSONAL NAME
Personal name Diamant, Moshe, producer.
700 ## - ADDED ENTRY--PERSONAL NAME
Personal name lerner, Yariv, producer.
700 ## - ADDED ENTRY--PERSONAL NAME
Personal name Norden, Robert Van, producer
700 ## - ADDED ENTRY--PERSONAL NAME
Personal name Green, Eva, star.
700 ## - ADDED ENTRY--PERSONAL NAME
Personal name Bakalova, Maria, star.
700 ## - ADDED ENTRY--PERSONAL NAME
Personal name Rose, Ruby, star.
700 ## - ADDED ENTRY--PERSONAL NAME
Personal name Shimon, Rona-Lee, star.
700 ## - ADDED ENTRY--PERSONAL NAME
Personal name Gibbs, Jojo T., star.
942 ## - ADDED ENTRY ELEMENTS (KOHA)
Source of classification or shelving scheme
Item type Audio-Visual Materials
Holdings
Source of acquisition Price effective from Permanent location Date last seen Not for loan Date acquired Source of classification or shelving scheme Koha item type Collection code Shelving location Damaged status Lost status Withdrawn status Current location Full call number
Donation2025-05-24Cagayan State University - Carig Library2025-05-24 2025-05-24 Audio-Visual MaterialsElectronic Media CenterAudio Visual   Cagayan State University - Carig Library791.4372

Cagayan State University University Library, Carig Campus
Tuguegarao City, Cagayan 3500 | www.csucarig.edu.ph

Powered by Koha